• 首页
  • 本馆介绍
  • 公告通知
  • 最新文献
  • 馆藏检索
  • 电子资源
  • 读者导购
  • 参考咨询
  • 我的图书馆
  • 登录
  • 详细信息显示
  • 放入我的书架
  • 预约/预借图书
  • 作者相关作品
  • 分类相关作品
  • 丛书相关作品
  • 出版社相关作品

书目信息

  • 表格格式
  • 工作单格式
  • 卡片格式
题名:
中国五声性调式和声民族化风格研究
    
 
作者: 宋歌 著
分册:  
出版信息: 长春   吉林出版集团股份有限公司  2021.08
页数: 219页
开本: 24cm
丛书名:
单 册:
中图分类: J614.1
科图分类:
主题词: 五声调式--wu sheng diao shi--和声--研究--中国
电子资源:
ISBN: 978-7-5731-0390-1
000 01224nam0 2200265 450
001 CAL 0120217318163
005 20230217093112.0
010    @a978-7-5731-0390-1@dCNY69.00
100    @a20220408d2021 em y0chiy0120 ea
101 0  @achi
102    @aCN@b220000
105    @ag a 000yy
106    @ar
200 1  @a中国五声性调式和声民族化风格研究@Azhong guo wu sheng xing diao shi he sheng min zu hua feng ge yan jiu@f宋歌著
210    @a长春@c吉林出版集团股份有限公司@d2021.08
215    @a219页@c乐谱@d24cm
300    @a黑龙江省艺术科学规划项目《中国五声性调式和声民族化风格研究》
314    @a宋歌, 女, 硕士研究生, 毕业于东北师范大学音乐学院, 现任绥化学院音乐学院讲师, 主讲和声。主要研究方向: 作曲理论。
320    @a有书目 (第217-219页)
330    @a本书选定中国五声性调式和声为研究对象, 通过分析, 分别从我国民族音乐文化的审美内涵, 中国五声性调式音乐创作调式特征、和声结构、和声的功能、和声的应用以及我国作曲家的创作手法入手, 阐释中国五声性调式理论的内涵与方法, 总结和声民族化风格的特点和规律, 探索其重要价值和历史走向。
606 0  @a五声调式@Awu sheng diao shi@x和声@x研究@y中国
690    @aJ614.1@v5
701  0 @a宋歌@Asong ge@4著
801  0 @aCN@bBJXHZP@c20230228
905    @b1395712-5@dJ614.1@e1458@f4
    
    中国五声性调式和声民族化风格研究/宋歌著.-长春:吉林出版集团股份有限公司,2021.08
    219页:乐谱;24cm
    黑龙江省艺术科学规划项目《中国五声性调式和声民族化风格研究》
    
    ISBN 978-7-5731-0390-1:CNY69.00
    本书选定中国五声性调式和声为研究对象, 通过分析, 分别从我国民族音乐文化的审美内涵, 中国五声性调式音乐创作调式特征、和声结构、和声的功能、和声的应用以及我国作曲家的创作手法入手, 阐释中国五声性调式理论的内涵与方法, 总结和声民族化风格的特点和规律, 探索其重要价值和历史走向。
●
相关链接 在E读中查询图书 在五车中查询图书 在当当中查询图书 在豆瓣中查询图书


正题名:中国五声性调式和声民族化风格研究     索取号:J614.1/1458         预约/预借

序号 登录号 条形码 馆藏地/架位号 状态 备注
1 1395712   213957128   第一样本阅览室/ [索取号:J614.1/1458] 在馆    
2 1395713   213957137   第一借阅区/ [索取号:J614.1/1458] 在馆    
3 1395714   213957146   第一借阅区/ [索取号:J614.1/1458] 在馆    
4 1395715   213957155   第一借阅区/ [索取号:J614.1/1458] 在馆    
唐山师范学院图书馆 欢迎您!
大连网信软件有限公司© 版权所有